| 000 | 00481nam a2200181Ia 4500 | ||
|---|---|---|---|
| 005 | 20250326143856.0 | ||
| 008 | 250326s9999 xx 000 0 und d | ||
| 037 | _aTextbook | ||
| 040 |
_aFMSL _beng _cFMSL |
||
| 041 |
_aeng _2eng |
||
| 084 |
_aB2893 L21 _qFMSL |
||
| 100 |
_aPage E _9278206 |
||
| 245 | 0 |
_aQueueing theory in or _cPage E |
|
| 260 |
_aLondon _bLondon, Butterworths _c1972 |
||
| 300 | _a187p | ||
| 942 |
_cTB _hB2893 L21 |
||
| 999 |
_c1301440 _d1301440 |
||